Star Academy - Profs de la saison 12 (2024-25) - Statistiques

Statistiques générales
  • Ce quiz a été pris 776 fois
  • Le résultat moyen est 7 sur 8
Statistiques - réponses
Hint Réponse % Correct
Répétitrices Lucie Bernardoni
97%
Prof d'expression scénique Marlène Schaff
97%
Prof de danse Malika Benjelloun
96%
Directeur Michael Goldman
95%
Prof de Chant Sofia Morgavi
92%
Répétitrices Fanny Delaigue
88%
Prof de sport Ladji Doucouré
82%
Prof de théatre Hugues Hamelynck
81%
Aucun quiz correspondant
Distribution des résultats
% des personnes avec chaque résultat
Percentile par nombre de réponses
Votre historique - résultats
Vous n’avez pas pris ce quiz